| 000 | 01712nas a22003975i 4500 | ||
|---|---|---|---|
| 001 | 1475-2875 | ||
| 003 | DE-He213 | ||
| 005 | 20260304140547.0 | ||
| 007 | cr nn 008mamaa | ||
| 008 | 150723s||||||||xxkuu poo|||||| b|EN |d | ||
| 022 | _a1475-2875 | ||
| 024 | 7 |
_a12936 _2local |
|
| 210 | 1 | 0 | _aMalar J |
| 245 | 1 | 0 |
_aMalaria Journal _h[electronic resource] / _cedited by Chris Drakeley, Louisa Messenger, Marcel Hommel. |
| 264 | 1 |
_aLondon : _bBioMed Central : _bImprint: BioMed Central. |
|
| 300 | _bonline resource. | ||
| 520 | _aMalaria Journal is aimed at the scientific community interested in malaria in its broadest sense. It is the only journal that publishes exclusively articles on malaria and, as such, it aims to bring together knowledge from the different specialities involved in this very broad discipline, from the bench to the bedside and to the field. | ||
| 650 | 0 | _aParasitology. | |
| 650 | 0 | _aTropical medicine. | |
| 650 | 0 | _aDiseases. | |
| 650 | 0 |
_aInvertebrates. _916854 |
|
| 650 | 0 |
_aMicrobiology. _9500 |
|
| 650 | 0 | _aPublic health. | |
| 650 | 1 | 4 | _aParasitology. |
| 650 | 2 | 4 | _aTropical Medicine. |
| 650 | 2 | 4 | _aDiseases. |
| 650 | 2 | 4 |
_aInvertebrate Zoology. _916855 |
| 650 | 2 | 4 |
_aMicrobiology. _9500 |
| 650 | 2 | 4 | _aPublic Health. |
| 700 | 1 |
_aDrakeley, Chris. _eeditor. _4edt _4http://id.loc.gov/vocabulary/relators/edt _924011 |
|
| 700 | 1 |
_aMessenger, Louisa. _eeditor. _4edt _4http://id.loc.gov/vocabulary/relators/edt _924012 |
|
| 700 | 1 |
_aHommel, Marcel. _eeditor. _4edt _4http://id.loc.gov/vocabulary/relators/edt _924013 |
|
| 710 | 2 | _aSpringerLink (Online service) | |
| 856 | 4 | 0 |
_uhttps://malariajournal.biomedcentral.com/ _zOpen Access |
| 999 |
_c460277 _d460277 |
||